El discurso intercultural: prolegómenos a una flosofía intercultural
Tallennettuna:
| Päätekijät: | , , , , |
|---|---|
| Muut tekijät: | , |
| Aineistotyyppi: | Kirja |
| Kieli: | espanja |
| Julkaistu: |
Madrid
Biblioteca Nueva
2002
|
| Painos: | 1a. ed |
| Sarja: | Colección Razón y Sociedad, 21
|
| Aiheet: | |
| Tagit: |
Lisää tagi
Ei tageja, Lisää ensimmäinen tagi!
|
MARC
| LEADER | 00000cam a2200000 a 4500 | ||
|---|---|---|---|
| 001 | UCC1628 | ||
| 003 | CL-VaPUC | ||
| 005 | 20240124145843.0 | ||
| 008 | 171117e20020000sp |||||||||||||||||spa|d | ||
| 999 | |c 370039 |d 370037 | ||
| 020 | |a 8497420411 | ||
| 040 | |c Pontificia Universidad Católica de Valparaíso | ||
| 082 | 0 | 4 | |a 306.4 |b GON |2 21 |
| 100 | 1 | |a González R. Arnaiz, Graciano |e coordinador |9 880340 | |
| 245 | 1 | 3 | |a El discurso intercultural: prolegómenos a una flosofía intercultural |
| 250 | |a 1a. ed | ||
| 260 | |a Madrid |b Biblioteca Nueva |c 2002 | ||
| 300 | |a 236 p | ||
| 490 | 0 | |a Colección Razón y Sociedad, 21 | |
| 583 | |a last modification |c 20171117 16:06:00 |k Rodrigo Vera | ||
| 650 | 0 | |a Identidad cultural |9 319131 | |
| 650 | 0 | |a Antropología social |9 306264 | |
| 650 | 0 | |a Interculturalidad |9 493451 | |
| 650 | 0 | |a Integración social |9 319662 | |
| 700 | |a Beuchot, Mauricio |e autor |9 518846 | ||
| 700 | 0 | |a Dietz, Gunther |e author |9 595668 | |
| 700 | 0 | |a Fornet-Betancourt, Raúl |e author |9 595669 | |
| 700 | |a García Roca, Joaquín |e author |9 595670 | ||
| 700 | |a Panikkar, Raimon |q (Panikkar, Raimundo) |e autor |9 355650 | ||
| 700 | 0 | |a Vallescar Palanca, Diana de |e author |9 595672 | |
| 942 | |c BK |2 ddc | ||
| 945 | |d 20171117 16:06:00 |a dcastane | ||
| 952 | |0 0 |1 0 |3 erb |4 0 |6 306_400000000000000_GON_2002 |7 0 |8 A |9 486315 |a BIBCUR |b BIBCUR |i 5436079 |l 2 |o 306.4 GON 2002 |p 5436079 |r 2025-04-22 |s 2020-03-18 |w 2019-11-24 |y BK |z Catalogado en:20171117 |k PER | ||